| 000 | 005940000a22001570004500 | ||
|---|---|---|---|
| 005 | 20231127110632.0 | ||
| 008 | 230817t1995 ||||| |||| 00| 0 eng d | ||
| 082 |
_a331.4 _bSIL |
||
| 245 |
_aSilk and steel: Asian women workers confront challenges of industrial restructuring _bResearch papers and consultation recommendations on the impact of industrial restructuring on women workers in Asia |
||
| 260 |
_aKowloon: _bCommittee for Asian Women _c1995 |
||
| 300 | _a304 p. | ||
| 650 | _aINDUSTRIAL RESTRUCTURING | ||
| 650 | _aWomen workers-Asia | ||
| 700 |
_aO'Sullivan, Helene _eed. |
||
| 942 | _cBK | ||
| 999 |
_c352 _d352 |
||